Detalles MARC
| 000 -CABECERA |
| campo de control de longitud fija |
01895nam a22002177a 4500 |
| 003 - IDENTIFICADOR DEL NÚMERO DE CONTROL |
| campo de control |
DO-SdBNP |
| 005 - FECHA Y HORA DE LA ÚLTIMA TRANSACCIÓN |
| campo de control |
20221026120312.0 |
| 007 - CAMPO FIJO DE DESCRIPCIÓN FÍSICA--INFORMACIÓN GENERAL |
| campo de control de longitud fija |
ta |
| 008 - DATOS DE LONGITUD FIJA--INFORMACIÓN GENERAL |
| campo de control de longitud fija |
210316b202u drao||fr||||o001 0 spa d |
| 040 ## - FUENTE DE LA CATALOGACIÓN |
| Centro catalogador/agencia de origen |
DO-SdBNP |
| Lengua de catalogación |
spa |
| Centro/agencia transcriptor |
BNPHU |
| 082 #4 - NÚMERO DE LA CLASIFICACIÓN DECIMAL DEWEY |
| Número de clasificación |
351.7293 |
| Número de documento/Ítem |
R426m |
| Número de edición |
22 |
| 110 1# - ENTRADA PRINCIPAL--NOMBRE DE ENTIDAD CORPORATIVA |
| Nombre de entidad corporativa o nombre de jurisdicción como elemento de entrada |
República Dominicana. |
| Unidad subordinada |
Ministerio de Administración Púbica. |
| 9 (RLIN) |
77926 |
| 245 10 - MENCIÓN DE TÍTULO |
| Título |
Monitoreo de la administraciòn pùblica : |
| Resto del título |
(la experiencia del Ministerio de administraciòn Pùblica de la Repùblica Dominicana) 2004-2019 |
| 260 ## - PUBLICACIÓN, DISTRIBUCIÓN, ETC. |
| Lugar de publicación, distribución, etc. |
Santo Domingo : |
| Nombre del editor, distribuidor, etc. |
Ministerio de Administraciòn Pùblica, |
| Fecha de publicación, distribución, etc. |
[2020?] |
| 300 ## - DESCRIPCIÓN FÍSICA |
| Extensión |
297 p. : |
| Otras características físicas |
il., fot. ; |
| Dimensiones |
28 cm |
| 505 ## - NOTA DE CONTENIDO CON FORMATO |
| Nota de contenido con formato |
Preábulo |
| Título |
1. Algunas Realidades Histórico-Políticas. Una Perspectiva General.-- |
| -- |
2. algunas Dinámicas de los Cambio Asumidos.-- |
| -- |
3. Fortalecimiento Interno del Ministerio para el Ejercicio de su Rectoría.-- |
| -- |
4. El sistema de Administración de Servidores Públicos SASP.-- |
| -- |
5. En Torno a los Procesos de Selección y Evaluación del Desempeño Laboral.-- |
| -- |
6. Sobre la Dirección de Relaciones laborales y la Asociación de Servidores Públicos.-- |
| -- |
7. Fomentando una Cultura de la Calidad.-- |
| -- |
8. El MAP y la Modernización de las Municipalidades.-- |
| -- |
9. La labor del MAP y el Sistema Nacional de Salud.-- |
| -- |
10.. Presencia de la Actividad Internacional.-- |
| -- |
11. Sobre la Percepción y la Imagen Institucional (Evaluaciones Realizadas).-- |
| -- |
12. El Banco de Conocimiento para la Administración Pública: Un Objetivo de Estado.-- |
| -- |
13. El MAP 2004- 2019: Una Fragua de Cambio y Logros Impactantes.-- |
| -- |
14. Oportunidades en Presencias.-- |
| -- |
15. En torno a unos Definidos retos y Desafíos.-- |
| -- |
16. Recomendaciones y Notas Finales.-- |
| -- |
17. Apéndice. |
| 590 ## - NOTA LOCAL (RLIN) |
| Nota local |
Inventariado, 2021 / DG |
| 651 #4 - PUNTO DE ACCESO ADICIONAL DE MATERIA--NOMBRE GEOGRÁFICO |
| Nombre geográfico |
República Dominicana |
| Subdivisión general |
Administración pública |
| Subdivisión cronológica |
2004-2019 |
| 9 (RLIN) |
77927 |
| 910 ## - DATOS DE OPCIÓN DEL USUARIO (OCLC) |
| Datos de opción del usuario |
Inventariado, 2021 /DG. Validado. Control de calidad MFF |
| 942 ## - ELEMENTOS DE PUNTO DE ACCESO ADICIONAL (KOHA) |
| Fuente del sistema de clasificación o colocación |
Dewey Decimal Classification |
| Tipo de ítem Koha |
Libro |